000 00322nam a2200121Ia 4500
008 220216s9999 xx 000 0 und d
100 _aSethuraj M.R.
245 0 _aModern trends in tapping: Certain general guidelines
260 _bRubber Board Bulletin
_c1989
300 _a2
650 _aTapping guideline
942 _cBS
999 _c50442
_d50442